00572nam a22002057a 450000500170000001000150001702000240003202000260005603500130008203700130009508200120010824500610012026000600018127000200024130000320026165000100029365000200030394200260032399900170034920100813141046.0 aENG-100338 a818733259-Xc150.00 a9788187332596c150.00 aEN-83870 bDBAD/PUB a200.954 aExploring harmony among religious traditional in India / aKolkatabRamakrishna Mission Institute of culturec2008 bKolkatae700029 axii,386p. :billc22cm (Hb) aIndia aReligion912652 2ddccENh200.954mEXP c41628d41628